|
|
|
|
| LEADER |
01006nam a22002657a 4500 |
| 001 |
30376 |
| 003 |
BD-DhAAL |
| 005 |
20151108162607.0 |
| 008 |
150906s2006 bg a|||| i||| 00| 0 eng d |
| 040 |
|
|
|a BD-DhAAL
|c BD-DhAAL
|
| 082 |
|
|
|2 22
|a 307.1412095492
|
| 999 |
|
|
|c 36070
|d 36070
|
| 999 |
|
|
|c 36026
|
| 999 |
|
|
|c 35433
|
| 245 |
|
|
|a BRAC research :
|b annual report 2005
|
| 260 |
|
|
|a Dhaka :
|b Research and Evaluation Division, BRAC,
|c 2006
|
| 300 |
|
|
|a 70 p. :
|b ill. ;
|c 28 cm.
|
| 541 |
|
|
|e 30376
|
| 610 |
|
|
|a BRAC
|9 14405
|
| 650 |
|
|
|a Rural Development
|z Bangladesh
|9 14406
|
| 710 |
|
|
|a BRAC
|9 14405
|
| 852 |
|
|
|a Ayesha Abed Library
|c BRAC Resource Section
|
| 942 |
|
|
|2 ddc
|c BK
|
| 952 |
|
|
|0 0
|1 0
|2 ddc
|4 0
|6 307_141209549200000_BRA
|7 0
|9 56683
|a BRACUL
|b BRACUL
|c BRS
|d 2015-11-08
|e BRAC
|l 0
|o 307.1412095492 BRA
|p 3010030376
|r 2015-11-08
|t 1
|w 2015-11-08
|y BK
|
| 952 |
|
|
|0 0
|1 0
|2 ddc
|4 0
|6 307_141209549200000_BRA
|7 0
|9 56684
|a BRACUL
|b BRACUL
|c BRS
|d 2015-11-08
|e BRAC
|l 0
|o 307.1412095492 BRA
|p 3010030377
|r 2015-11-08
|t 2
|w 2015-11-08
|y BK
|